| 000 | 00361 a2200109 4500 | ||
|---|---|---|---|
| 001 | ART_38290 | ||
| 005 | 20260410161752.0 | ||
| 008 | 260409a | ||
| 245 | 1 | 0 | _aRégimen especial de concesión de explotación. Artículo 23 de la ley de IVA |
| 100 | 1 | _aMastandrea, Alberto F. | |
| 773 | 0 |
_tDoctrina tributaria _g- Nº 411 (jun. 2014) _wREV4296 |
|
| 999 |
_c19740 _d19740 |
||